Largest Cities in Asia Beginning With 'H' - Statistics

General Stats
  • This quiz has been taken 234 times
  • The average score is 10 of 20
Answer Stats
# Population Country Answer % Correct
6 7,000,000 Vietnam Hanoi
100%
1 13,500,000 Vietnam Ho Chi Minh City
99%
3 11,100,000 India Hyderābād
93%
11 2,450,000 Pakistan Hyderābād
93%
2 13,400,000 China Hángzhōu
86%
12 1,870,000 Japan Hiroshima
79%
7 5,400,000 China Harbin
76%
4 7,500,000 China Héféi
72%
5 7,300,000 China Hong Kong
72%
9 2,625,000 China Hohhot
40%
14 1,860,000 China Huáinán
39%
17 1,420,000 Vietnam Hai Phong
37%
10 2,575,000 China Haikou
34%
12 1,870,000 China Huai'an
29%
8 2,750,000 China Hándān
23%
15 1,630,000 China Huzhou
23%
19 1,220,000 China Héngyáng
17%
18 1,300,000 China Huaibei
14%
16 1,440,000 China Hézé
9%
20 1,200,000 India Hubli-Dhārwār
2%
No matching quizzes found
Score Distribution
Percent of People with Each Score
Percentile by Number Answered
Your Score History
You have not taken this quiz